Statistics for Minnesota Timberwolves Top 10 Leaders

Click here to take the quiz!

General Stats

  • This quiz has been taken 136 times
    (42 since last reset)
  • The average score is 8 of 25

Answer Stats

Answer % Correct
Kevin Garnett
100%
Karl-Anthony Towns
94%
Kevin Love
83%
Andrew Wiggins
83%
Ricky Rubio
63%
Michael Williams
34%
Joe Smith
31%
Wally Szczerbiak
31%
Stephon Marbury
26%
Gorgui Dieng
26%
Tom Gugliotta
23%
Al Jefferson
20%
Isaiah Rider
20%
Jeff Teague
20%
Sam Mitchell
17%
Christian Laettner
17%
Terrell Brandon
14%
Corey Brewer
11%
Rasho Nesterovic
9%
Doug West
9%
Tony Campbell
6%
Pooh Richardson
6%
Eddie Griffin
6%
Felton Spencer
6%
Anthony Peeler
3%

Score Distribution

Percentile by Number Answered

Percent of People with Each Score

Your Score History

You have not taken this quiz since the last reset